Tribhuvan University Central Library

समाजशास्त्रीय सिद्धान्तहरू / (Record no. 114601)

MARC details
000 -LEADER
fixed length control field 00637nam a22002057a 4500
008 - FIXED-LENGTH DATA ELEMENTS--GENERAL INFORMATION
fixed length control field 200224b xxu||||| |||| 00| 0 eng d
020 ## - INTERNATIONAL STANDARD BOOK NUMBER
International Standard Book Number 9789937910262
041 ## - LANGUAGE CODE
Language code of text/sound track or separate title Nep.
082 ## - DEWEY DECIMAL CLASSIFICATION NUMBER
Classification number N301/A417s
100 ## - MAIN ENTRY--PERSONAL NAME
Personal name Acharya, Balram
241 ## - ROMANIZED TITLE (BK AM CF MP MU VM)
Romanized title Samajsastriya sidhantaharu
245 ## - TITLE STATEMENT
Title समाजशास्त्रीय सिद्धान्तहरू /
Statement of responsibility, etc. बलराम आचार्य.-
250 ## - EDITION STATEMENT
Edition statement 2nd ed.
260 ## - PUBLICATION, DISTRIBUTION, ETC.
Place of publication, distribution, etc. Kathmandu:
Name of publisher, distributor, etc. National Book Center,
Date of publication, distribution, etc. 2076B.S.
300 ## - PHYSICAL DESCRIPTION
Extent 330p.
504 ## - BIBLIOGRAPHY, ETC. NOTE
Bibliography, etc. note Bibliography:p.324-327
650 ## - SUBJECT ADDED ENTRY--TOPICAL TERM
Topical term or geographic name entry element Sociology
650 ## - SUBJECT ADDED ENTRY--TOPICAL TERM
Topical term or geographic name entry element Educational sociology
9 (RLIN) 6115
942 ## - ADDED ENTRY ELEMENTS (KOHA)
Source of classification or shelving scheme Dewey Decimal Classification
Koha item type ISBN
Holdings
Withdrawn status Lost status Source of classification or shelving scheme Damaged status Not for loan Home library Current library Date acquired Total Checkouts Full call number Barcode Date last seen Price effective from Koha item type
    Dewey Decimal Classification     Tribhuvan University Central Library Tribhuvan University Central Library 06/18/2024   N301/A417s IS21837 06/18/2024 06/18/2024 ISBN
    Dewey Decimal Classification     Tribhuvan University Central Library Tribhuvan University Central Library 06/18/2024   N301/A417s IS21838 06/18/2024 06/18/2024 ISBN